Städte mit "A" - Statistiken

Allgemein
  • Dieses Quiz wurde 131 mal gespielt
  • Das Durchschnittsergebnis liegt bei 21 aus 55
Antwortstatistiken
Land Stadt % Korrekt
Andorra 🇦🇩 Andorra la Vella
89%
Deutschland 🇩🇪 Augsburg
87%
Türkei 🇹🇷 Ankara
85%
Griechenland 🇬🇷 Athen
85%
Niederlande 🇳🇱 Amsterdam
84%
Äthiopien 🇪🇹 Addis Abeba
80%
Deutschland 🇩🇪 Aachen
79%
Algerien 🇩🇿 Algier
79%
Ver. Arab. Emir. 🇦🇪 Abu Dhabi
67%
Ägypten 🇪🇬 Alexandria
66%
Jordanien 🇯🇴 Amman
66%
Belgien 🇧🇪 Antwerpen
66%
Ghana 🇬🇭 Accra
64%
Deutschland 🇩🇪 Aalen
62%
Deutschland 🇩🇪 Ahlen
62%
Paraguay 🇵🇾 Asuncion
62%
Neuseeland 🇳🇿 Auckland
60%
Kasachstan 🇰🇿 Astana
56%
Australien 🌏 Adelaide
52%
Madagaskar 🇲🇬 Antananarivo
49%
USA 🇺🇸 Atlanta
46%
Deutschland 🇩🇪 Aschaffenburg
44%
Nigeria 🇳🇬 Abuja
43%
Großbritannien 🇬🇧 Aberdeen
42%
Dänemark 🇩🇰 Aalborg
39%
Jemen 🇾🇪 Aden
39%
Syrien 🇸🇾 Aleppo
39%
Spanien 🇪🇸 Alicante
36%
Kasachstan 🇰🇿 Almaty
36%
Elfenbeinküste 🇨🇮 Abidjan
33%
Deutschland 🇩🇪 Ansbach
33%
Turkmenistan 🇹🇲 Aschgabat
31%
USA 🇺🇸 Austin
31%
Deutschland 🇩🇪 Amberg
27%
Deutschland 🇩🇪 Aurich
25%
Indien 🇮🇳 Agra
24%
Samoa 🇼🇸 Apia
23%
Frankreich 🇫🇷 Avignon
22%
Deutschland 🇩🇪 Altenburg
13%
Österreich 🇦🇹 Amstetten
13%
Deutschland 🇩🇪 Aue
13%
Deutschland 🇩🇪 Anklam
10%
Russland 🇷🇺 Archangelsk
10%
China 🇨🇳 Anshan
9%
Russland 🇷🇺 Astrachan
8%
Deutschland 🇩🇪 Achim
5%
Spanien 🇪🇸 Albacete
3%
Deutschland 🇩🇪 Aschersleben
3%
Spanien 🇪🇸 Algeciras
2%
Türkei 🇹🇷 Antakya
2%
China 🇨🇳 Anyang
1%
Italien 🇮🇹 Assisi
1%
Deutschland 🇩🇪 Auerbach
1%
Dänemark 🇩🇰 Apenrade
0%
Italien 🇮🇹 Aquileia
0%
Keine übereinstimmenden Quizze gefunden
Verteilung der Resultate
Anzahl Personen mit jedem Resultat
Perzentil nach korrekt beantworteten Fragen
Ihre Resultats-Entwicklung
Sie haben dieses Quiz noch nicht gespielt